Statistiques concernant La culture en couleurs (8) Noir

Cliquez ici pour prendre le quiz!

Statistiques générales

  • Ce quiz a été pris 213 fois
  • Le résultat moyen est 5 sur 20

Statistiques - réponses

HintRéponse% Correct
Roman dont le héros est Julien Sorel.Le Rouge et le Noir
69%
Au judo, combien d'autres ceintures existent pour atteindre la ceinture noire ?9
68%
Film évoquant la mort du cygne.Black Swan
56%
Cette épice se décline en noir, blanc, vert, rouge, jaune et même gris !Le poivre
55%
Célèbre tube de Johnny Hallyday."Noir c'est noir"
55%
Série faisant référence à des écrans éteints.Black Mirror
34%
Quel pays a connu les chemises noires ?Italie
34%
Quel pays est le plus grand producteur d'or noir ?Etats-Unis
32%
De quelle BD provient le célèbre titre "La marque jaune" ?Black et Mortimer
25%
Quel peintre a pour couleur fétiche le noir ?Pierre Soulages
23%
En réalité, combien de temps macère l'"œuf de cent ans" (de canne) ?17 à 18 jours
15%
On peut la manger noire, blanche ou grise.La truffe
14%
Quel est le seul album de Tintin ayant connu 3 versions différentes ?L'Île Noire
14%
Quelle est la couleur obtenue grâce à l'encre de seiche ?Sépia
10%
En quelle année est apparue la peste noire en France ?1348
5%
Où se trouve la plus longue piste noire en Europe (nom de la station) ?Alpe d'Huez
5%
Quelle est la spécialité de Nyons dans la Drôme ?Olive noire
5%
Variété d'agate noire.Onyx
5%
Dans quel pays les femmes se marient-elles en noir ?Mauritanie
2%
Citez un pays qui borde la Mer Noire.La Bulgarie, la Géorgie, la Roumanie, la Russie, la Turquie, Ukraine
0%

Distribution des résultats

Percentile par nombre de réponses

% des personnes avec chaque résultat

Votre développement - résultats

Vous n’avez pas pris ce quiz